| 000 | 00671cam a2200217 i 4500 | ||
|---|---|---|---|
| 999 |
_c1948 _d1948 |
||
| 003 | OSt | ||
| 005 | 20201012082443.0 | ||
| 008 | 750818t19761975nyu b 001 0 eng | ||
| 020 | _a039471637X | ||
| 040 |
_aDLC _cKABLIB _dKABLIB |
||
| 082 | 0 | 0 |
_a420.9 _223 _bDIL |
| 100 | 1 |
_aDillard, J. L. _q(Joey Lee), _d1924- _eAuthor. _95381 |
|
| 245 | 1 | 0 |
_aAll-American English / _cJ. L. Dillard. |
| 260 |
_aNew York : _bVintage Books, _c1976, c1975. |
||
| 300 |
_axiii, 369 p. ; _c21 cm. |
||
| 500 | _aIncludes index. | ||
| 504 | _aBibliography: p. 325-357. | ||
| 650 | 0 |
_aEnglish language _zUnited States _xHistory. _95382 |
|
| 650 | 0 |
_aAmericanisms _xHistory. _95383 |
|
| 942 |
_2ddc _cBOOK |
||